00480nam a2200193 a 4500001001300000003000900013005001700022008004100039020000800080082001300088100001800101245002500119260003100144300000900175500003500184505002200219650002700241700001800268nice12345678IN_TiNIC20260116011522.0050524s1927 newa grp 000 0 eng  ac000a956bLAW aLawrence, T E aRevolt in the Desert aNew YorkbDoubleday c1927 a335p aincludes index and biblioraphy2 aIndex, Sketch Map aArab Countries-History1 aLawrence, T E